000 00502nam a2200205Ia 4500
003 0100
008 130303s9999 xx 000 0 und d
040 _cARRUPELIB
050 _aJC327.B6625131992
100 _aBodin, Jean
245 _aOn sovereignty
245 _bfour chapters from the six books of the commonwealth
260 _aCambridge
260 _bCambridge UP
260 _C1992
300 _a141p
650 _bCognition
700 _aed. tr. by Julian H. Franklin
942 0 0 _01
999 _c19692
_d19692